| 000 | 01184nam a2200385 c 4500 | ||
|---|---|---|---|
| 001 | 17339 | ||
| 003 | ES-MaCES | ||
| 005 | 20220408040011.0 | ||
| 008 | 050309s2005 sp t 000 | spa d | ||
| 017 |
_aV 3062-2005 _bDL |
||
| 020 | _a8484560929 | ||
| 035 | _aCES20050001999m | ||
| 040 |
_aES-MaCES _bspa _cES-MaCES |
||
| 110 | 1 |
_aFernández Prol, Francisca _938699 |
|
| 245 | 1 | 3 |
_aEl salario en especie _cFrancisca Fernández Prol |
| 260 |
_aValencia _bTirant lo Blanch _c2005 |
||
| 300 |
_a469 p. _c22 cm |
||
| 490 | 1 |
_aTirant monografías _v332 |
|
| 504 | _aBibliografía: p. 451-469 | ||
| 541 | _cCompra | ||
| 650 | 4 |
_asalario _928387 |
|
| 650 | 4 |
_aestructura de los salarios _928393 |
|
| 650 | 4 |
_aprestaciones en especie _930688 |
|
| 650 | 4 |
_atributación _928093 |
|
| 650 | 4 |
_acotizaciones _930106 |
|
| 650 | 4 |
_aseguridad social _927034 |
|
| 650 | 4 |
_aEspaña _926964 |
|
| 650 | 4 |
_aderecho del trabajo _927165 |
|
| 650 | 4 |
_arégimen jurídico _929894 |
|
| 653 | 1 | 0 | _aDerecho del trabajo y Seguridad Social |
| 830 | 0 |
_aTirant monografías _v332 _932480 |
|
| 902 | _aLIB Libro | ||
| 942 |
_2CES _cBK _h6.0.1. |
||
| 999 |
_c17339 _d17339 |
||